00377pab a2200133 454500008004000000100002300040245006200063260000900125300001500134362001200149650002700161700002500188773003000213180718b2004 xxu||||| |||| 00| 0 eng d aSharma, Prem Chand aInformation technology on the gateway to impart knowledge c2004 ap.104-109. aJan-Apr aInformation technology aArora, Inder Prakash aHerald of Library Science